Ernest Hemingway Novels - Statistics

General Stats
  • This quiz has been taken 30 times
  • The average score is 8 of 23
Answer Stats
Title % Correct
For Whom the Bell Tolls
95%
The Sun Also Rises
86%
A Farewell to Arms
82%
The Old Man and the Sea
77%
To Have and Have Not
68%
Death in the Afternoon
41%
Across the River and into the Trees
36%
A Moveable Feast
36%
Islands in the Stream
36%
The Garden of Eden
36%
The Nick Adams Stories
32%
Under Kilimanjaro
32%
Green Hills of Africa
27%
Men Without Women
27%
The Torrents of Spring
27%
The Fifth Column
18%
The Dangerous Summer
9%
Winner Take Nothing
9%
Ernest Hemingway on Writing
5%
Adventures of a Young Man
0%
Dateline Toronto
0%
The Essential Hemingway
0%
True at First Sight: A Fictional Memoir
0%
No matching quizzes found
Score Distribution
Percent of People with Each Score
Percentile by Number Answered
Your Score History
You have not taken this quiz